000 00477nam a2200181Ia 4500
001 23798
005 20260414151001.0
008 260414t2020||||xx |||||||||||||| ||spa||
041 _aESP
082 _a709.8
_bC97
100 _aCuratola Petrocchi, Marco,
_eAUT
245 0 _aEl arte antes de la historia. Para una historia del arte andino antiguo
_b
260 _c2020
300 _a550 páginas :
_c24 cm.
650 _aABD
654 _aCAU
942 _cLIB
_dJUS
_fJUS
_2ddc
_n
999 _c23798
_d23798